[Event "Grodno-B"]
[Site "Grodno"]
[Date "2021.08.10"]
[Round "8"]
[White "Tsaruk, Maksim"]
[Black "Bondar, Tana"]
[Result "1-0"]
[WhiteElo "2324"]
[BlackElo "2202"]
[PlyCount "101"]
[EventDate "2021.08.05"]
[EventType "tourn"]
[EventRounds "9"]
[EventCountry "BLR"]
[SourceTitle "EXT 2022"]
[Source "ChessBase"]
[SourceDate "2021.10.06"]
[SourceVersion "1"]
[SourceVersionDate "2021.10.06"]
[SourceQuality "1"]

1. e4 e6 2. d4 d5 3. Nd2 c5 4. Ngf3 cxd4 5. Nxd4 Nc6 6. Bb5 Bd7 7. Nxc6 bxc6 8. Bd3 Qc7 9. Qe2 Bd6 10. Nf3 Ne7 11. e5 Bc5 12. 0-0 h6 13. c4 Nf5 14. Bxf5 exf5 15. cxd5 cxd5 16. Be3 Bxe3 17. Qxe3 0-0 18. Rfc1 Qb7 19. Nd4 Rac8 20. Qb3 Qxb3 21. axb3 Rxc1+ 22. Rxc1 Rc8 23. Rxc8+ Bxc8 24. Nc6 Bb7 25. Ne7+ Kf8 26. Nxf5 h5 27. b4 a6 28. Nd4 Ke7 29. f4 f6 30. Nf5+ Kd7 31. Nxg7 fxe5 32. fxe5 h4 33. Kf2 d4 34. e6+ Ke7 35. b5 h3 36. bxa6 Bxa6 37. Nf5+ Kxe6 38. Nxd4+ Kd5 39. Nc2 Kc4 40. g4 Kb3 41. Ne3 Kxb2 42. Kg3 Kc3 43. Kxh3 Kd4 44. Nf5+ Ke5 45. Kg3 Bd3 46. Nh4 Bc2 47. Nf3+ Ke4 48. h4 Ke3 49. h5 Ke4 50. h6 Kd5 51. Ng5 1-0

[Event "Grodno-B"]
[Site "Grodno"]
[Date "2021.08.09"]
[Round "7"]
[White "Usov, Aleksandr E"]
[Black "Bondar, Tana"]
[Result "1-0"]
[WhiteElo "2223"]
[BlackElo "2202"]
[PlyCount "55"]
[EventDate "2021.08.05"]
[EventType "tourn"]
[EventRounds "9"]
[EventCountry "BLR"]
[SourceTitle "EXT 2022"]
[Source "ChessBase"]
[SourceDate "2021.10.06"]
[SourceVersion "1"]
[SourceVersionDate "2021.10.06"]
[SourceQuality "1"]

1. e4 e6 2. d4 d5 3. Nd2 Nf6 4. e5 Nfd7 5. Bd3 c5 6. c3 Nc6 7. Ngf3 Qb6 8. 0-0 cxd4 9. cxd4 f6 10. exf6 Nxf6 11. Re1 Bd6 12. b3 Nxd4 13. Nxd4 Qxd4 14. Ne4 Bxh2+ 15. Kxh2 Qxa1 16. Nd6+ Kf8 17. Nb5 Kg8 18. Qe2 a6 19. Nc7 Rb8 20. Bb2 Qxa2 21. Nxe6 Bd7 22. Nxg7 Rf8 23. Nf5 h5 24. Ne7+ Kf7 25. Bg6+ Kg7 26. Bxf6+ Rxf6 27. Qxa2 Be6 28. Qb2 1-0

[Event "Grodno-B"]
[Site "Grodno"]
[Date "2021.08.08"]
[Round "5"]
[White "Gavrilov, Maxim"]
[Black "Bondar, Tana"]
[Result "0-1"]
[WhiteElo "2028"]
[BlackElo "2202"]
[PlyCount "146"]
[EventDate "2021.08.05"]
[EventType "tourn"]
[EventRounds "9"]
[EventCountry "BLR"]
[SourceTitle "EXT 2022"]
[Source "ChessBase"]
[SourceDate "2021.10.06"]
[SourceVersion "1"]
[SourceVersionDate "2021.10.06"]
[SourceQuality "1"]

1. d4 d5 2. c4 c6 3. Nc3 Nf6 4. e3 e6 5. Nf3 Bd6 6. Bd3 0-0 7. 0-0 Nbd7 8. e4 dxc4 9. Bxc4 e5 10. Bg5 h6 11. Bh4 Qe7 12. Qc2 exd4 13. Ne2 c5 14. Bd3 Qe6 15. h3 Nh5 16. Nd2 Nf4 17. Nc4 Nxd3 18. Qxd3 b6 19. Nxd6 Qxd6 20. Bg3 Qe7 21. f4 Bb7 22. e5 f5 23. Qc4+ Kh7 24. Nc1 Rad8 25. Nd3 Nb8 26. b3 Ba6 27. Qc2 Nc6 28. Rfd1 Rd7 29. Nb2 Nb4 30. Qf2 Nd5 31. Nc4 Nc3 32. Re1 Ne4 33. Qf3 b5 34. Nd6 Nxd6 35. exd6 Qxd6 36. Re5 c4 37. Bf2 Bb7 38. Qh5 a6 39. Rd1 Qc6 40. Qf3 Qxf3 41. gxf3 Rfd8 42. bxc4 bxc4 43. Kg2 c3 44. Rc5 Rd6 45. Rc4 Kg6 46. Rdxd4 Rxd4 47. Bxd4 c2 48. Be3 Rc8 49. Rxc8 Bxc8 50. Bc1 Be6 51. a3 a5 52. Bb2 Kh5 53. Kg3 Bd5 54. Bc1 Bc4 55. Bb2 g5 56. Bc1 Be6 57. Bd2 g4 58. Bc1 gxh3 59. Kxh3 Kg6 60. Kg3 Kf7 61. Kf2 Bb3 62. Ke3 Ke6 63. Bb2 h5 64. Kd2 h4 65. Bd4 h3 66. Bg1 Kd5 67. Bh2 Kc4 68. Bg3 Ba4 69. Kc1 Kb3 70. Bh2 Kxa3 71. Bg1 Kb3 72. Bh2 Kc3 73. Bg1 Bb3 0-1

[Event "Grodno-B"]
[Site "Grodno"]
[Date "2021.08.05"]
[Round "1"]
[White "Gogolev, Artem"]
[Black "Bondar, Tana"]
[Result "1/2-1/2"]
[WhiteElo "2301"]
[BlackElo "2202"]
[PlyCount "20"]
[EventDate "2021.08.05"]
[EventType "tourn"]
[EventRounds "9"]
[EventCountry "BLR"]
[SourceTitle "EXT 2022"]
[Source "ChessBase"]
[SourceDate "2021.10.06"]
[SourceVersion "1"]
[SourceVersionDate "2021.10.06"]
[SourceQuality "1"]

1. d4 d5 2. c4 c6 3. Nf3 Nf6 4. e3 e6 5. b3 Bb4+ 6. Nbd2 Ne4 7. Bd3 f5 8. 0-0 0-0 9. Bb2 Nd7 10. Qc1 g5 1/2-1/2

[Event "BLR Cup"]
[Site "Minsk"]
[Date "2005.05.31"]
[Round "14"]
[White "Khamitskiy, Sergei"]
[Black "Bondar, Tana"]
[Result "1/2-1/2"]
[WhiteElo "2330"]
[BlackElo "2145"]
[PlyCount "67"]
[EventDate "2005.05.21"]
[EventType "tourn"]
[EventRounds "15"]
[EventCountry "BLR"]
[EventCategory "2"]
[SourceTitle "EXT 2006"]
[Source "ChessBase"]
[SourceDate "2005.11.24"]
[SourceVersion "1"]
[SourceVersionDate "2005.11.24"]
[SourceQuality "1"]

1. d4 d5 2. c4 c6 3. e3 Nf6 4. Bd3 e6 5. Nf3 Be7 6. 0-0 0-0 7. Nc3 Nbd7 8. b3 b6 9. e4 dxe4 10. Nxe4 c5 11. Nxf6+ Nxf6 12. dxc5 Bxc5 13. Bb2 Bb7 14. Qe2 Qe7 15. Rad1 Rfd8 16. Ne5 Rac8 17. Bb1 h6 18. Ng4 Nxg4 19. Qxg4 Qg5 20. Qxg5 hxg5 21. a3 a5 22. Rfe1 Kf8 23. Kf1 Bc6 24. f3 Ke7 25. Ke2 f6 26. h3 Rxd1 27. Rxd1 Rh8 28. Rd2 e5 29. Bc1 g4 30. hxg4 Rh1 31. Rd1 Rh2 32. Kf1 Rh1+ 33. Ke2 Rh2 34. Kf1 1/2-1/2

[Event "BLR Cup"]
[Site "Minsk"]
[Date "2005.05.22"]
[Round "1"]
[White "Bondar, Tana"]
[Black "Ginzburg, Mikhail"]
[Result "1/2-1/2"]
[WhiteElo "2145"]
[BlackElo "2329"]
[PlyCount "87"]
[EventDate "2005.05.21"]
[EventType "tourn"]
[EventRounds "15"]
[EventCountry "BLR"]
[EventCategory "2"]
[SourceTitle "EXT 2006"]
[Source "ChessBase"]
[SourceDate "2005.11.24"]
[SourceVersion "1"]
[SourceVersionDate "2005.11.24"]
[SourceQuality "1"]

1. g3 d5 2. Bg2 c6 3. c4 Nf6 4. cxd5 cxd5 5. Nf3 Nc6 6. 0-0 Bg4 7. h3 Bxf3 8. Bxf3 e6 9. d3 Bd6 10. Nc3 0-0 11. a3 Rc8 12. Bg2 h6 13. Bd2 a6 14. Rc1 b5 15. b4 Qb6 16. Kh1 Rfd8 17. e4 dxe4 18. Nxe4 Nxe4 19. Bxe4 Be5 20. Be3 Bd4 21. Qe2 Ne7 22. Kh2 Nd5 23. Bxd5 Rxc1 24. Rxc1 Rxd5 25. Rc8+ Kh7 26. Qf3 f5 27. Bxd4 Qxd4 28. Rc6 Rd6 29. Kg2 Kg6 30. Rxd6 Qxd6 31. g4 fxg4 32. Qxg4+ Kf7 33. Qf3+ Ke7 34. Qb7+ Kf6 35. Qf3+ Ke7 36. Qb7+ Kf8 37. Qa8+ Kf7 38. Qb7+ Kg8 39. Qa8+ Kf7 40. Qb7+ Kf8 41. Qa8+ Ke7 42. Qb7+ Qd7 43. Qxa6 Qd5+ 44. Kh2 1/2-1/2

[Event "BLR-ch (Women)"]
[Site "Minsk"]
[Date "2005.03.17"]
[Round "7"]
[White "Eidelson, Rakhil"]
[Black "Bondar, Tana"]
[Result "0-1"]
[WhiteElo "2250"]
[BlackElo "2172"]
[PlyCount "70"]
[EventDate "2005.03.11"]
[EventType "tourn"]
[EventRounds "11"]
[EventCountry "BLR"]
[SourceTitle "CBM 105 Extra"]
[Source "ChessBase"]
[SourceDate "2005.05.01"]
[SourceVersion "1"]
[SourceVersionDate "2005.05.01"]
[SourceQuality "1"]

1. e4 e6 2. d4 d5 3. e5 c5 4. c3 Nc6 5. Be3 Qb6 6. Qd2 Bd7 7. Nf3 f6 8. Be2 fxe5 9. dxc5 Bxc5 10. Bxc5 Qxc5 11. b4 Qd6 12. Na3 Nf6 13. b5 Qxa3 14. bxc6 Bxc6 15. Nxe5 Ne4 16. Qc1 Qxc3+ 17. Qxc3 Nxc3 18. Bg4 Ke7 19. 0-0 Rhd8 20. Rfe1 Rd6 21. a3 Rc8 22. Rac1 Ne4 23. Rb1 b6 24. Rb3 Be8 25. Nf3 h5 26. Bh3 g5 27. Nd4 g4 28. f3 gxh3 29. fxe4 dxe4 30. Rxe4 Rc1+ 31. Kf2 hxg2 32. Kxg2 Bc6 33. Nxc6+ Rdxc6 34. Ree3 R6c2+ 35. Kg3 Rg1+ 0-1

[Event "Hastings Masters op 80th"]
[Site "Hastings"]
[Date "2005.01.01"]
[Round "3"]
[White "Wu, Li"]
[Black "Bondar, Tana"]
[Result "1-0"]
[WhiteElo "2236"]
[BlackElo "2172"]
[PlyCount "75"]
[EventDate "2004.12.28"]
[EventType "swiss"]
[EventRounds "10"]
[EventCountry "ENG"]
[SourceTitle "CBM 104 Extra"]
[Source "ChessBase"]
[SourceDate "2005.03.01"]
[SourceVersion "1"]
[SourceVersionDate "2005.03.01"]
[SourceQuality "1"]

1. d4 e6 2. c4 c5 3. d5 exd5 4. cxd5 d6 5. Nc3 a6 6. a4 g6 7. Nf3 Bg7 8. Nd2 Nd7 9. e4 Ne7 10. Be2 0-0 11. 0-0 f5 12. Nc4 Ne5 13. Nxe5 Bxe5 14. Bh6 Rf7 15. Qd2 Kh8 16. Bf4 Bg7 17. Bc4 Ng8 18. Rfe1 h6 19. h4 Re7 20. Re2 Re8 21. g3 b6 22. Rae1 Ra7 23. e5 dxe5 24. Bxe5 Bxe5 25. Rxe5 Rxe5 26. Rxe5 Kg7 27. Ne2 Nf6 28. f3 Qd7 29. Nf4 Qxa4 30. Qe2 Qd7 31. Ne6+ Kh8 32. Qe3 Qh7 33. Qc3 Rf7 34. Nxc5 bxc5 35. Re8+ Kg7 36. Rxc8 g5 37. d6 f4 38. Bd3 1-0

[Event "BLR-ch (Women) 48th"]
[Site "Minsk"]
[Date "2004.02.29"]
[Round "10"]
[White "Bondar, Tana"]
[Black "Martynuk, Tatiana"]
[Result "1-0"]
[WhiteElo "2129"]
[BlackElo "2187"]
[PlyCount "115"]
[EventDate "2004.02.20"]
[EventType "tourn"]
[EventRounds "11"]
[EventCountry "BLR"]
[SourceTitle "EXT 2005"]
[Source "ChessBase"]
[SourceDate "2004.11.15"]
[SourceVersion "1"]
[SourceVersionDate "2004.11.15"]
[SourceQuality "1"]

1. g3 e5 2. c4 Nc6 3. Bg2 f5 4. d3 Nf6 5. Nc3 Bc5 6. e3 0-0 7. Nge2 Qe8 8. 0-0 d6 9. a3 a5 10. d4 Bb6 11. Nd5 Kh8 12. b3 Qh5 13. Nxb6 cxb6 14. Nc3 Qg6 15. d5 Ne7 16. f4 Ng4 17. h3 Nf6 18. Kh2 Bd7 19. a4 Neg8 20. Ra2 Nh5 21. Qe1 exf4 22. exf4 Rfe8 23. Qf2 Ngf6 24. Bf3 Ne4 25. Bxe4 fxe4 26. Be3 Nf6 27. f5 Qh5 28. Qe2 Qf7 29. Bxb6 Rf8 30. Bd4 Rae8 31. g4 e3 32. Qf3 Re7 33. Re2 Rfe8 34. Rfe1 h5 35. Rxe3 hxg4 36. hxg4 Rxe3 37. Rxe3 Rxe3 38. Bxe3 Qe7 39. Bd4 Qe1 40. Bxf6 gxf6 41. Ne4 Kg7 42. Ng3 Kf7 43. Qf4 Qb4 44. Qe3 Qa3 45. Nh5 Qb2+ 46. Kg3 Qe5+ 47. Qxe5 dxe5 48. Kf3 Ke7 49. Ke4 Be8 50. c5 Bf7 51. d6+ Kd8 52. Nxf6 Bxb3 53. Kxe5 Bxa4 54. g5 Bb3 55. g6 a4 56. Kd4 a3 57. Kc3 Bc4 58. g7 1-0

[Event "BLR-ch (Women) 48th"]
[Site "Minsk"]
[Date "2004.02.28"]
[Round "9"]
[White "Savushkina, Evgenia"]
[Black "Bondar, Tana"]
[Result "1-0"]
[WhiteElo "2053"]
[BlackElo "2129"]
[PlyCount "85"]
[EventDate "2004.02.20"]
[EventType "tourn"]
[EventRounds "11"]
[EventCountry "BLR"]
[SourceTitle "EXT 2005"]
[Source "ChessBase"]
[SourceDate "2004.11.15"]
[SourceVersion "1"]
[SourceVersionDate "2004.11.15"]
[SourceQuality "1"]

1. e4 d6 2. d4 Nf6 3. Nc3 Nbd7 4. g3 e5 5. Nge2 Be7 6. Bg2 c6 7. a4 0-0 8. 0-0 b6 9. h3 Qc7 10. Be3 a6 11. g4 Rd8 12. Ng3 Nf8 13. g5 Ne8 14. Nf5 Bxf5 15. exf5 f6 16. d5 c5 17. h4 Rdb8 18. Qe2 Qd7 19. Bh3 Ra7 20. Kh2 Qd8 21. Rg1 Nd7 22. Ne4 Rab7 23. Bg4 b5 24. axb5 axb5 25. Bh5 Kf8 26. Qg4 c4 27. Bxe8 Qxe8 28. gxf6 Bxf6 29. Nxd6 Qe7 30. Nxb7 Rxb7 31. Ra8+ Rb8 32. Rga1 Qd6 33. R1a6 Qxd5 34. R8a7 Rb7 35. Qh5 Rxa7 36. Bxa7 e4 37. Qxh7 Ne5 38. Qh8+ Ke7 39. Re6+ Kd7 40. Qe8+ Kc7 41. Bb8+ Kb7 42. Bxe5 Bxe5+ 43. Rxe5 1-0

[Event "BLR-ch (Women) 48th"]
[Site "Minsk"]
[Date "2004.02.25"]
[Round "6"]
[White "Bondar, Tana"]
[Black "Sharevich, Anna"]
[Result "1/2-1/2"]
[WhiteElo "2129"]
[BlackElo "2236"]
[PlyCount "84"]
[EventDate "2004.02.20"]
[EventType "tourn"]
[EventRounds "11"]
[EventCountry "BLR"]
[SourceTitle "EXT 2005"]
[Source "ChessBase"]
[SourceDate "2004.11.15"]
[SourceVersion "1"]
[SourceVersionDate "2004.11.15"]
[SourceQuality "1"]

1. g3 e5 2. c4 Nc6 3. Bg2 d6 4. d3 Be6 5. Nc3 Qd7 6. e3 g6 7. b3 Bg7 8. Bb2 Nge7 9. Nd5 Bxd5 10. cxd5 Nb4 11. e4 Qb5 12. Bf1 Qa5 13. Bc3 Qb6 14. Qd2 c5 15. Be2 0-0 16. Nh3 Na6 17. 0-0 Qd8 18. a4 h6 19. Kg2 Nb8 20. b4 Nd7 21. f3 f5 22. Rfb1 b6 23. a5 Qc7 24. axb6 axb6 25. Qb2 Rxa1 26. Rxa1 cxb4 27. Bxb4 Nc5 28. Nf2 Rb8 29. Nd1 Nc8 30. Nc3 Qb7 31. Bxc5 dxc5 32. Nb5 Qd7 33. Bd1 Nd6 34. Nxd6 Qxd6 35. Ra6 Bf6 36. Ba4 Bd8 37. Bb5 Bc7 38. Qa2 fxe4 39. dxe4 Rf8 40. Ra8 Bd8 41. Qd2 g5 42. Qe2 Bc7 1/2-1/2

[Event "Minsk Zepter op"]
[Site "Minsk"]
[Date "1998.04.25"]
[Round "1"]
[White "Bondar, Tana"]
[Black "Rashkovsky, Nukhim N"]
[Result "0-1"]
[WhiteElo "2120"]
[BlackElo "2505"]
[PlyCount "79"]
[EventDate "1998.04.25"]
[EventType "swiss"]
[EventRounds "9"]
[EventCountry "BLR"]
[SourceTitle "CBM 064 Extra"]
[Source "ChessBase"]
[SourceDate "1998.07.07"]
[SourceVersion "1"]
[SourceVersionDate "1998.07.07"]
[SourceQuality "1"]

1. e4 g6 2. d4 Bg7 3. g3 d6 4. Bg2 Nc6 5. c3 e5 6. dxe5 Nxe5 7. Nf3 Nxf3+ 8. Qxf3 Nf6 9. h3 0-0 10. 0-0 Nd7 11. Na3 Re8 12. Be3 Ne5 13. Qe2 b6 14. f4 Nc6 15. e5 Bb7 16. exd6 Qxd6 17. Qd2 Qe6 18. Rfe1 Rad8 19. Qc2 Na5 20. Bf2 Qc8 21. Rxe8+ Rxe8 22. Rd1 Bxg2 23. Kxg2 Nb7 24. Nb5 a6 25. Nd4 Nd6 26. Nf3 Ne4 27. Re1 Qa8 28. Qd3 c5 29. Rd1 Nf6 30. Rd2 b5 31. c4 Ne4 32. Re2 b4 33. b3 f5 34. Be1 Rd8 35. Qc2 Qc6 36. Re3 Qd7 37. Re2 Bf6 38. Nd2 Nc3 39. Re3 Bd4 40. Rd3 0-1

[Event "Olympiad Women-31"]
[Site "Moscow"]
[Date "1994.12.15"]
[Round "13"]
[White "Hund, Barbara"]
[Black "Bondar, Tana"]
[Result "1-0"]
[WhiteElo "2255"]
[BlackElo "2145"]
[PlyCount "45"]
[EventDate "1994.12.01"]
[EventType "team-swiss"]
[EventRounds "14"]
[EventCountry "RUS"]
[SourceTitle "EXT 2019"]
[Source "ChessBase"]
[SourceDate "2018.10.10"]
[SourceVersion "1"]
[SourceVersionDate "2018.10.10"]
[SourceQuality "1"]
[WhiteTeam "Switzerland (W)"]
[BlackTeam "IBCA (W)"]
[WhiteTeamCountry "SUI"]

1. e4 e6 2. d4 d5 3. Nd2 dxe4 4. Nxe4 Nf6 5. Bg5 Be7 6. Bxf6 Bxf6 7. Nf3 0-0 8. Bd3 Nd7 9. Qe2 c5 10. 0-0-0 cxd4 11. h4 Qc7 12. Kb1 b6 13. Neg5 Bb7 14. Bxh7+ Kh8 15. Be4 Kg8 16. Bxb7 Qxb7 17. Ne4 Rfc8 18. Nxd4 Rc7 19. Nb5 Qc6 20. Nd4 Bxd4 21. Rxd4 e5 22. Rd2 b5 23. Rhd1 1-0

[Event "Olympiad Women-31"]
[Site "Moscow"]
[Date "1994.12.08"]
[Round "7"]
[White "Bondar, Tana"]
[Black "Brustman, Agnieszka"]
[Result "1/2-1/2"]
[WhiteElo "2145"]
[BlackElo "2375"]
[PlyCount "75"]
[EventDate "1994.12.01"]
[EventType "team-swiss"]
[EventRounds "14"]
[EventCountry "RUS"]
[SourceTitle "EXT 2019"]
[Source "ChessBase"]
[SourceDate "2018.10.10"]
[SourceVersion "1"]
[SourceVersionDate "2018.10.10"]
[SourceQuality "1"]
[WhiteTeam "IBCA (W)"]
[BlackTeam "Poland (W)"]
[BlackTeamCountry "POL"]

1. e4 c5 2. Nf3 d6 3. d4 cxd4 4. Nxd4 Nf6 5. Nc3 a6 6. Be2 e5 7. Nf3 Be7 8. Bc4 0-0 9. 0-0 h6 10. Re1 Bd7 11. Nd5 Nxd5 12. Bxd5 Bc6 13. c4 Qc7 14. b3 Nd7 15. a4 a5 16. Ba3 Rfd8 17. Rc1 b6 18. Qc2 Rab8 19. Red1 Nc5 20. Bxc6 Qxc6 21. Rd5 Qc8 22. Rcd1 Qg4 23. h3 Qg6 24. Bxc5 bxc5 25. Nd2 Rb6 26. Rd3 Rdb8 27. Rg3 Qe6 28. Nb1 Bh4 29. Rf3 Ra8 30. Na3 Be7 31. Nb5 Rb7 32. Qe2 Re8 33. Rfd3 Bf8 34. Qf3 Rb6 35. Rd5 Reb8 36. Kh2 R8b7 37. g4 Be7 38. R1d3 1/2-1/2